Normal view MARC view
  • Ironside Farrar Ltd, Edinburgh

Entry Corporate Name

Number of records used in: 1

001 - CONTROL NUMBER

  • control field: 4752

003 - CONTROL NUMBER IDENTIFIER

  • control field: OSt

005 - DATE AND TIME OF LATEST TRANSACTION

  • control field: 20190806150236.0

008 - FIXED-LENGTH DATA ELEMENTS

  • fixed length control field: 050801 a

040 ## - CATALOGING SOURCE

  • Original cataloging agency: OSt
  • Transcribing agency: OSt

110 ## - HEADING--CORPORATE NAME

  • Corporate name or jurisdiction name as entry element: Ironside Farrar Ltd, Edinburgh